[Event "30/move"]
[Site "?"]
[Date "2006.03.31"]
[Round "4"]
[White "Mephisto Miami"]
[Black "Mephisto Modena"]
[Result "1-0"]
[WhiteElo "1966"]
[BlackElo "1983"]
[PlyCount "97"]
[EventDate "2006.03.31"]
[EventType "tourn (rapid)"]
[EventRounds "20"]
[EventCountry "NED"]
[SourceDate "2006.03.12"]

1. e4 c5 2. Nf3 Nc6 3. d4 cxd4 4. Nxd4 g6 5. Nc3 Bg7 6. Be3 {
Miami letzter Buchzug} Nf6 {Modena letzter Buchzug} 7. Be2 d6 8. O-O Bd7 9. Qd2
({RR} 9. Nb3 a5 10. Nd5 O-O 11. Nb6 Rb8 12. f3 Be6 13. c4 Nd7 14. Nxd7 Bxd7 15.
Qd2 a4 16. Nd4 Nxd4 17. Bxd4 Bxd4+ 18. Qxd4 Qa5 19. f4 Bc6 20. Rf2 Rbd8 21. Qe3
Qc5 22. Qxc5 dxc5 23. e5 Rd4 {Mednis,E-Lein,A/New York 1977/EXT 98/1/2-1/2 (49)
}) ({RR} 9. Kh1 h5 10. f4 Ng4 11. Bg1 Nxd4 12. Bxd4 e5 13. fxe5 Qh4 14. h3 Bxe5
15. Bxe5 dxe5 16. Qe1 Qxe1 17. Rfxe1 Nf6 18. Bd3 Ke7 19. Kg1 Bc6 20. Re3 Nd7
21. Rf1 Raf8 22. b4 b6 23. Bb5 Rc8 {
Anfang,M-Eberharter,J/Austria 2003/EXT 2004/1/2-1/2 (49)}) 9... Nxd4 10. Bxd4
Bc6 11. Bf3 $146 ({RR} 11. Rad1 O-O 12. f4 Rc8 13. Qe3 Qa5 14. a3 Ne8 15. e5
dxe5 16. fxe5 Qc7 17. Bf3 b6 18. Bd5 Qb7 19. Qf3 Bxd5 20. Nxd5 Kh8 21. Bc3 e6
22. Nf6 Qxf3 23. Rxf3 Bxf6 24. exf6 Nc7 25. Rd7 Kg8 {
Janowski,D-Rubinstein,S/New York 1913/EXT 2000/1-0 (37)}) 11... O-O 12. Rfd1
Qd7 13. Nd5 Bxd5 14. exd5 Rfc8 15. a3 b6 16. b3 b5 17. c3 a5 18. a4 bxa4 19.
Rxa4 Rcb8 20. Qa2 Qb7 21. Rb1 Nxd5 22. Bxg7 Kxg7 23. c4 e6 24. cxd5 exd5 25.
Rd1 Ra7 26. b4 Qc7 27. Qa1+ f6 28. bxa5 d4 29. a6 d3 30. Rxd3 Qd8 31. h3 Rb5
32. Qd1 Ra5 33. Rxa5 Qxa5 {Modena gibt auf} 34. Bb7 Qc7 35. Rxd6 Qc5 36. Rd7+
Kh8 37. Rf7 Kg8 38. Rxf6 Qe7 39. Qd4 Rxb7 40. axb7 Qe1+ 41. Kh2 Qe8 42. Rb6
Qb8+ 43. Qd6 Qxd6+ 44. Rxd6 Kg7 45. b8=Q {# in 4} Kh6 46. Rd7 Kg5 47. f4+ Kh6
48. Qf8+ Kh5 49. Rxh7# {20:25 - ??:??} 1-0

[Event "30/move"]
[Site "?"]
[Date "2006.03.31"]
[Round "5"]
[White "Mephisto Modena"]
[Black "Mephisto Miami"]
[Result "1-0"]
[WhiteElo "1983"]
[BlackElo "1966"]
[PlyCount "59"]
[EventDate "2006.03.31"]
[EventType "tourn (rapid)"]
[EventRounds "20"]
[EventCountry "NED"]
[SourceDate "2006.03.12"]

1. e4 c5 2. Nf3 e6 3. d4 cxd4 4. Nxd4 Nc6 5. Nc3 a6 6. Be2 Qc7 7. f4 b5 {
Miami letzter Buchzug} 8. Nxc6 {Modena letzter Buchzug} dxc6 9. Be3 Nf6 10. e5
Nd5 11. Nxd5 cxd5 12. O-O Bc5 13. Bxc5 Qxc5+ 14. Kh1 Bb7 $146 ({RR} 14... Bd7
15. Bd3 {1/2-1/2 Sinclair,M-Smith,R/Wellington 1995/EXT 98}) 15. a4 O-O 16. Bd3
Rfd8 17. axb5 axb5 18. Qe2 b4 19. Rxa8 Rxa8 20. f5 Ra2 21. fxe6 fxe6 22. Qh5 g6
23. Bxg6 Qe7 24. Bxh7+ Qxh7 25. Qe8+ Kg7 26. Qe7+ Kg6 27. Qf6+ Kh5 28. g4+ Kxg4
29. Rg1+ Kh5 30. Qg5# {??:?? - 09:46} 1-0

[Event "30/move"]
[Site "?"]
[Date "2006.03.31"]
[Round "6"]
[White "Mephisto Miami"]
[Black "Mephisto Modena"]
[Result "0-1"]
[WhiteElo "1966"]
[BlackElo "1983"]
[PlyCount "74"]
[EventDate "2006.03.31"]
[EventType "tourn (rapid)"]
[EventRounds "20"]
[EventCountry "NED"]
[SourceDate "2006.03.12"]

1. e4 e5 2. Nf3 Nc6 3. Bc4 Bc5 4. c3 {Miami letzter Buchzug} Qe7 5. O-O Bb6 {
Modena letzter Buchzug} 6. d3 ({RR} 6. Bb3 d6 7. h3 Nf6 8. Re1 O-O 9. d4 h6 10.
Na3 a6 11. Nc4 Ba7 12. Ne3 Qd8 13. Nf1 exd4 14. cxd4 d5 15. exd5 Nxd5 16. Ng3
Be6 17. a3 Nde7 18. Bxe6 fxe6 19. Qe2 Nxd4 20. Nxd4 Bxd4 {
Hamdouchi,H-Al Zendani,Z/Casablanca 2002/CBM 90 ext/1-0 (85)}) 6... d6 7. Bd5
$146 ({RR} 7. Nbd2 g5 8. Ne1 {
1/2-1/2 Segal,A-Cunha Pereira,S/Sao Paulo 1983/EXT 2000}) ({RR} 7. Bb3 Nf6 8.
Nbd2 a6 9. Re1 O-O 10. Nf1 Kh8 11. Be3 Bxe3 12. fxe3 Ng8 13. Ng3 Nh6 14. Qe2 f5
15. exf5 Nxf5 16. Ne4 Na5 17. Bc2 d5 18. Ned2 Nh4 19. e4 d4 20. Nxh4 Qxh4 21.
cxd4 exd4 {Karabalis,H-Brauer,V/Germany 1995/GER/0-1 (71)}) 7... Bd7 8. Bg5 Nf6
9. Nbd2 h6 10. Bxf6 Qxf6 11. Nc4 O-O 12. d4 exd4 13. Nxb6 axb6 14. Nxd4 Rfe8
15. Re1 Qe7 16. a3 Rab8 17. Qd2 Ne5 18. f4 Ng4 19. Bb3 Rbd8 20. Rad1 Nf6 21. e5
dxe5 22. Rxe5 Qf8 23. Qc2 Bg4 24. Rde1 Nd7 25. Rxe8 Rxe8 26. Rxe8 Qxe8 27. g3
Nf6 28. Ba4 Qe1+ 29. Kg2 Nd5 30. Qf2 Ne3+ 31. Qxe3 Qxe3 32. b3 Qxc3 33. h3 Qd2+
34. Kg1 Bxh3 35. Bc6 bxc6 36. Ne2 Qxe2 37. Kh1 Qg2# {17:29 - ??:??} 0-1

[Event "30/move"]
[Site "?"]
[Date "2006.03.31"]
[Round "7"]
[White "Mephisto Modena"]
[Black "Mephisto Miami"]
[Result "1-0"]
[WhiteElo "1983"]
[BlackElo "1966"]
[PlyCount "151"]
[EventDate "2006.03.31"]
[EventType "tourn (rapid)"]
[EventRounds "20"]
[EventCountry "NED"]
[SourceDate "2006.03.12"]

1. c4 e5 2. Nc3 Nf6 3. Nf3 Nc6 4. g3 Bb4 5. Bg2 O-O 6. O-O e4 7. Ng5 Bxc3 8.
bxc3 Re8 {Miami letzter Buchzug} 9. Qc2 Qe7 10. d3 exd3 11. exd3 {
Modena letzter Buchzug} Qe2 ({RR} 11... b6 12. Bd2 Bb7 13. Rae1 Qf8 ({RR} 13...
Qc5 14. Nf3 h6 15. Be3 Qh5 16. Bf4 Na5 17. Qd1 d6 18. h3 Qf5 19. Nd4 Qd7 20.
Rxe8+ Rxe8 21. f3 d5 22. cxd5 Nxd5 23. Ne2 Ne3 24. Bxe3 Rxe3 25. d4 Ba6 26. Re1
Qe7 27. Kf2 Bc4 28. Nc1 {Guillot,A-Glod,P/Elancourt 2003/CBM 93 ext/0-1 (58)})
14. Bf4 Rxe1 15. Rxe1 h6 16. Nf3 Na5 17. Be5 Qd8 18. Qd2 Nh7 19. h4 d6 20. Bf4
Qd7 21. Nd4 Bxg2 22. Kxg2 Nc6 23. Qe3 Nxd4 24. cxd4 Nf6 25. Qf3 Re8 26. Rxe8+ {
Kholmov,R-Kapengut,A/Beltsy 1977/MCD/1-0 (44)}) 12. Qxe2 $146 ({RR} 12. Bd2 Ne5
13. Rfe1 Qxd3 14. Qxd3 Nxd3 15. Rxe8+ Nxe8 16. Be4 Ne5 17. Bxh7+ Kf8 18. Re1
Nxc4 19. Bd3 Nxd2 20. Nh7+ {1-0 Levesque,M-Fortin,J/London,Canada 1991/EXT 2004
}) 12... Rxe2 13. Bf4 Ne5 14. Bxe5 Rxe5 15. Nf3 Re2 16. Rfe1 Rc2 17. Re7 Kf8
18. Rae1 Rxa2 19. Ng5 h6 20. Rxf7+ Kg8 21. Bd5 hxg5 22. Rxf6+ Kh7 23. Re7 Re2
24. Be4+ Rxe4 25. dxe4 b6 26. e5 a5 27. Rf8 Bb7 28. Rxa8 Bxa8 29. Rxd7 Kg6 30.
Rxc7 Kf5 31. Ra7 Be4 32. c5 bxc5 33. Rxa5 c4 34. Rc5 Bd3 35. h3 Be4 36. e6+
Kxe6 37. Rxc4 Bf5 38. Kg2 Kd6 39. f3 g6 40. Kh2 Be6 41. Rd4+ Kc5 42. Kg2 Bf5
43. g4 Be6 44. Kf2 Bc4 45. Rd7 Bb5 46. Rg7 Be8 47. Ke2 Kd5 48. Ke3 Kc5 49. Ke4
Bc6+ 50. Kd3 Bb5+ 51. Kc2 Be8 52. Kb3 Bc6 53. Rxg6 Bd5+ 54. c4 Bf7 55. Rxg5+
Kd4 56. Kb4 Bxc4 57. h4 Ba2 58. h5 Bb1 59. h6 Bh7 60. Rg7 Bc2 61. f4 Ke3 62. f5
Bd1 63. h7 Bf3 64. h8=Q Bg2 65. f6 Bd5 66. Qc8 Ba2 67. Qc1+ Kf3 68. Qa3+ Kf4
69. Qxa2 Ke3 70. Qe6+ Kf2 71. f7 Kg2 72. g5 Kf3 73. g6 Kf4 74. f8=Q+ Kg3 75.
Rh7 Kg2 76. Qg4# {??:?? - 33:40} 1-0

[Event "30/move"]
[Site "?"]
[Date "2006.03.31"]
[Round "8"]
[White "Mephisto Miami"]
[Black "Mephisto Modena"]
[Result "1-0"]
[WhiteElo "1966"]
[BlackElo "1983"]
[PlyCount "147"]
[EventDate "2006.03.31"]
[EventType "tourn (rapid)"]
[EventRounds "20"]
[EventCountry "NED"]
[SourceDate "2006.03.12"]

1. e4 e5 2. Nf3 Nc6 3. Bb5 a6 4. Ba4 Nf6 5. d4 exd4 6. O-O Be7 7. e5 Ne4 8.
Nxd4 Nxd4 9. Qxd4 {Miami letzter Buchzug} Nc5 {Modena letzter Buchzug} 10. Re1
({RR} 10. Bb3 O-O 11. Nc3 ({RR} 11. Bf4 Ne6 12. Bxe6 dxe6 13. Qe3 Bd7 14. Rd1
Qe8 15. Nc3 Bc6 16. Rd3 Rd8 17. Rad1 Rxd3 18. Rxd3 Qc8 19. Bg5 Qe8 20. Qg3 Bxg5
21. Qxg5 h6 22. Qh4 f5 23. exf6 Qg6 {
1/2-1/2 Kutuzovic,B-Saric,I/Bizovac 2003/CBM 92 ext}) 11... d6 12. Bf4 dxe5 13.
Bxe5 Qxd4 14. Bxd4 Nxb3 15. cxb3 Be6 16. Rad1 Rfd8 17. Be5 c5 18. Bc7 Rd4 19.
Bb6 Rxd1 20. Rxd1 Rc8 21. Nd5 Bf8 22. Nc7 Bf5 23. f3 h5 24. Kf2 g6 {
Bryzgalin,K-Ibragimov,I/Moscow 1998/CBM 63/0-1 (56)}) 10... O-O 11. Bb3 $146 ({
RR} 11. Nc3 d6 12. Bf4 Ne6 13. Qe3 Nxf4 14. Qxf4 dxe5 15. Qxe5 Bd6 16. Qh5 Qf6
17. Ne4 Qxb2 18. Bb3 Qe5 19. Ng5 Qf5 20. Re3 Bf4 21. Bxf7+ Rxf7 22. Re8+ Rf8
23. Rxf8+ Kxf8 24. Re1 Bd7 25. Qxh7 Qxh7 {Prange,D-Henk,M/Giessen 1993/GER/0-1}
) 11... b6 12. Bd5 Bb7 13. Nc3 Ne6 14. Qg4 Bxd5 15. Nxd5 Bc5 16. b4 Be7 17. Bb2
Bg5 18. Rad1 a5 19. b5 Re8 20. c4 a4 21. Qg3 h6 22. h3 Nc5 23. Re2 Ne6 24. Re4
Nc5 25. Ree1 Ne6 26. Rd3 Nc5 27. Rd4 Ne6 28. Rd3 Nc5 29. Rdd1 Ne6 30. Re2 Bh4
31. Qf3 Nc5 32. Ree1 Ne6 33. Re3 Bg5 34. Re4 Be7 35. Nxe7+ Qxe7 36. Ba3 Nc5 37.
Red4 Qxe5 38. Rd5 Qe2 39. Bxc5 Qxf3 40. gxf3 bxc5 41. Rxd7 Re2 42. R1d5 Rxa2
43. Rxc5 Ra1+ 44. Kg2 a3 45. Rcxc7 a2 46. Ra7 Rxa7 47. Rxa7 Rc1 48. Rxa2 Rxc4
49. Rb2 Rc7 50. b6 Rb7 51. Kg3 Kh7 52. Kf4 Kg6 53. Ke5 Kg5 54. Rb4 h5 55. Kd6
Kf6 56. Kc6 Rb8 57. Kc7 Rf8 58. b7 Ke5 59. Ra4 f5 60. Kc6 Rb8 61. f4+ Kf6 62.
Ra8 Rxb7 {Modena gibt auf} 63. Kxb7 Kf7 64. Kc7 Ke7 65. Rh8 g6 66. Rh7+ Kf8 67.
Kd6 h4 68. Ke6 Kg8 69. Rf7 Kh8 70. Kf6 g5 71. Rf8+ {# in 4} Kh7 72. fxg5 f4 73.
g6+ Kh6 74. Rh8# {31:48 - ??:??} 1-0

[Event "30/move"]
[Site "?"]
[Date "2006.03.31"]
[Round "9"]
[White "Mephisto Modena"]
[Black "Mephisto Miami"]
[Result "0-1"]
[WhiteElo "1983"]
[BlackElo "1966"]
[PlyCount "124"]
[EventDate "2006.03.31"]
[EventType "tourn (rapid)"]
[EventRounds "20"]
[EventCountry "NED"]
[SourceDate "2006.03.12"]

1. c4 e5 2. Nc3 Nf6 3. Nf3 {Modena letzter Buchzug} e4 4. Ng5 b5 {
Miami letzter Buchzug} 5. Ngxe4 Nxe4 6. Nxe4 bxc4 7. Qa4 c6 8. d4 cxd3 9. exd3
d5 10. Nc3 Be7 $146 ({RR} 10... Bc5 11. Be2 O-O 12. O-O Qf6 13. Bd2 Bf5 14.
Rac1 Nd7 15. b4 Bd4 16. b5 Nc5 17. Qa3 Nxd3 18. Bxd3 Bxd3 19. Nxd5 cxd5 20.
Qxd3 Rfc8 21. Be3 Bxe3 22. fxe3 Rxc1 23. Rxc1 Qb2 24. Rc2 Qa1+ 25. Qf1 {
Jacobsen,B-Quist,V/Denmark 1976/EXT 2000/1/2-1/2 (49)}) 11. Be3 O-O 12. Be2 Bf6
13. d4 Bf5 14. Bf4 Re8 15. O-O Re6 16. Rad1 Nd7 17. b4 Nb6 18. Qa5 Nc4 19.
Qxd8+ Rxd8 20. a4 Rde8 21. Bxc4 dxc4 22. Be5 Bxe5 23. dxe5 Bd3 24. Rfe1 f6 25.
g4 h6 26. Kg2 Rxe5 27. Rxe5 fxe5 28. Kg3 Kf7 29. h4 Rb8 30. b5 cxb5 31. axb5 g6
32. Ra1 Rb7 33. Ra6 Rd7 34. h5 Bc2 35. hxg6+ Bxg6 36. Kh4 Kg7 37. Rc6 Bf7 38.
Rc5 Rd3 39. Ne4 Bd5 40. Nd6 c3 41. Rc7+ Kg6 42. Nc8 Kf6 43. Rxa7 c2 44. Rc7 Bg2
45. f3 Rxf3 46. Rc6+ Kf7 47. Rc7+ Ke6 48. Rc6+ Kd5 49. Nb6+ Kd4 50. Rc4+ {
Modena gibt auf} Kd3 51. Kh5 Kd2 52. Rc5 Rc3 53. Nc4+ Ke1 54. Rxe5+ Kf2 55. Ne3
c1=Q 56. Nxg2 Kxg2 57. Kg6 Qf4 58. Re2+ Kf1 59. Re6 Qg5+ {# in 4} 60. Kf7 Rc7+
61. Kf8 Qg7+ 62. Ke8 Qh8# {??:?? - 25:45} 0-1

[Event "30/move"]
[Site "?"]
[Date "2006.03.31"]
[Round "10"]
[White "Mephisto Miami"]
[Black "Mephisto Modena"]
[Result "0-1"]
[WhiteElo "1966"]
[BlackElo "1983"]
[PlyCount "120"]
[EventDate "2006.03.31"]
[EventType "tourn (rapid)"]
[EventRounds "20"]
[EventCountry "NED"]
[SourceDate "2006.03.12"]

1. d4 c6 2. e4 d5 3. exd5 cxd5 4. c4 Nf6 5. Nc3 {Miami letzter Buchzug} g6 6.
cxd5 Bg7 {Modena letzter Buchzug} 7. Qa4+ Nbd7 8. Bf4 ({RR} 8. Bb5 O-O 9. Bxd7
Bxd7 10. Qb3 e6 11. dxe6 Bxe6 12. Qd1 Re8 13. Nge2 Bc4 14. O-O Nd5 15. Re1 a6
16. Nxd5 Qxd5 17. Be3 Qb5 18. Nc3 Qxb2 19. Na4 Qb5 20. Rb1 Qc6 21. d5 Qxd5 22.
Nb6 Qxd1 {Prie,E-Spiridonov,N/Cannes 1992/TD/0-1 (35)}) ({RR} 8. d6 O-O 9. dxe7
Qxe7+ 10. Be2 Nb6 11. Qd1 Nfd5 12. Nf3 Re8 13. Kf1 Bf5 14. h4 Nb4 15. Bg5 Qf8
16. a3 N4d5 17. Rc1 h6 18. Bd2 Qd6 19. Ne5 Bxe5 20. dxe5 Qxe5 21. g4 Bd7 22.
Bxh6 Bc6 {Merelos,M-Barbosa,O/Makati 2002/CBM 88 ext/0-1 (56)}) 8... O-O 9. d6
$146 ({RR} 9. Bc4 Nb6 10. Qb3 Bf5 11. Nf3 Rc8 12. Be2 Nfxd5 13. Bg3 Nxc3 14.
bxc3 Nd5 15. c4 Qa5+ 16. Kf1 Qc3 17. Re1 Qxb3 18. axb3 Nc3 19. Be5 Nxe2 20.
Bxg7 Kxg7 21. Kxe2 Be4 22. h4 Rfd8 23. Ke3 Bxf3 {
Burkhardt,W-Weber,M/Ruhrgebiet 1996/EXT 2002/1-0 (39)}) 9... Nb6 10. Qb4 Re8
11. Bb5 Bd7 12. Bxd7 Qxd7 13. dxe7 Nfd5 14. Nxd5 Nxd5 15. Qd2 Rxe7+ 16. Be3
Nxe3 17. fxe3 Bh6 18. Ne2 Bxe3 19. Qb4 Rae8 20. Kd1 Bf2 21. Ng3 Qd5 22. Rc1
Bxg3 23. Rc2 Re1+ 24. Rxe1 Rxe1+ 25. Qxe1 Bxe1 26. Kxe1 Qxd4 27. Rf2 Qe5+ 28.
Kf1 Qxh2 29. a3 Kg7 30. Rd2 Kf6 31. Rf2+ Ke6 32. Re2+ Kd5 33. Rd2+ Ke4 34. Rd7
Qf4+ 35. Kg1 Qc1+ 36. Kh2 Qxb2 37. Re7+ Kd4 38. Rd7+ Ke3 39. Re7+ Kd3 40. Rxf7
h5 41. Rd7+ Ke3 42. Rf7 g5 43. Kh3 Ke4 44. Re7+ Kf5 45. Kh2 Qxa3 46. Rxb7 a5
47. Rd7 a4 48. Rd5+ Kf6 49. Rd7 Qb3 50. Rd6+ Kf5 51. Rd8 a3 52. Rf8+ Kg4 53.
Ra8 a2 54. Ra6 Kh4 55. Ra5 g4 56. g3+ Qxg3+ 57. Kh1 Qe1+ 58. Kg2 Qxa5 59. Kf1
Qd2 60. Kg1 a1=Q# 0-1

[Event "30/move"]
[Site "?"]
[Date "2006.03.31"]
[Round "11"]
[White "Mephisto Modena"]
[Black "Mephisto Miami"]
[Result "1-0"]
[WhiteElo "1983"]
[BlackElo "1966"]
[PlyCount "83"]
[EventDate "2006.03.31"]
[EventType "tourn (rapid)"]
[EventRounds "20"]
[EventCountry "NED"]
[SourceDate "2006.03.12"]

1. d4 d5 2. c4 c6 3. Nf3 Nf6 4. Nc3 dxc4 5. a4 Bf5 6. e3 e6 7. Bxc4 Bb4 8. O-O
{Modena letzter Buchzug} O-O {Miami letzter Buchzug} 9. Bd2 Qb6 $146 ({RR} 9...
c5 10. Qe2 ({RR} 10. Ne2 Bxd2 ({RR} 10... Qa5 11. Bxb4 Qxb4 12. Qb3 Qxb3 13.
Bxb3 Bd3 14. Rfe1 Na6 15. Rac1 Rac8 16. Nf4 Bf5 17. d5 exd5 18. Bxd5 Nb4 {
1-0 Sacconi,A-Korody Keresztely,I/Tatatovaros 1935/EXT 99}) 11. Nxd2 Nbd7 12.
dxc5 Nxc5 13. Nd4 {1/2-1/2 Romanishin,O-Kupreichik,V/Muenster 1997/CBM 60 ext})
10... Nc6 11. dxc5 Bg4 12. Rfd1 Ne5 13. Nb5 ({RR} 13. e4 Qa5 14. Bf4 Bxf3 15.
gxf3 Qxc5 16. Ba2 Bxc3 17. Rac1 Ng6 18. Bg3 Nh5 19. Rxc3 Qg5 20. Qd2 Nhf4 21.
Bc4 Rad8 22. Rd3 Rxd3 23. Bxd3 Rd8 24. Qc2 h5 25. Kh1 Rxd3 26. Rxd3 Nxd3 27.
Qxd3 h4 {Grob,H-Euwe,M/Zuerich 1947/MCL/0-1}) 13... Bxd2 14. Rxd2 Qa5 15. Nbd4
Bxf3 16. Nxf3 Nxf3+ 17. gxf3 Qxc5 18. Rad1 Rac8 19. b3 Qh5 20. Kh1 e5 21. Rg1
a6 22. Qd1 Rc6 23. Rg3 g6 24. Rd8 {
Balparda,J-Piazzini,L/Buenos Aires 1935/HCL/0-1 (53)}) ({RR} 9... Nbd7 10. Ne2
Bd6 11. b4 Qc7 12. Ng3 Bg4 13. Be2 h5 14. Re1 Bxf3 15. Bxf3 h4 16. Nf1 e5 17.
dxe5 Nxe5 18. Qc2 Nxf3+ 19. gxf3 Qd7 20. Bc3 Qh3 21. Qe2 Nd5 22. Rac1 Rae8 23.
Qd1 Re6 24. Ng3 {Le T Thuy,H-Hoang T Bao,T/Hue 2003/CBM 95 ext/0-1}) 10. Nh4
Bg4 11. f3 Bh5 12. g4 g5 13. a5 Qd8 14. Ng2 Bg6 15. Ne4 Bxd2 16. Nxf6+ Qxf6 17.
Qxd2 Rd8 18. Qb4 Rd7 19. Kh1 a6 20. Qc5 Rd8 21. Qb6 Qe7 22. Rac1 h5 23. gxh5
Bxh5 24. f4 Rd7 25. fxg5 Qxg5 26. Nf4 Kh8 27. Nxh5 Qxh5 28. e4 Qh4 29. Rce1 e5
30. dxe5 Rd2 31. Qg1 Nd7 32. Rxf7 Qh6 33. Qg3 Nc5 34. e6 Nxe6 35. Bxe6 Qxh2+
36. Qxh2+ Rxh2+ 37. Kxh2 Re8 38. Rd1 Rf8 39. Rxb7 Re8 40. Rdd7 Re7 41. Rxe7 c5
42. Re8# {??:?? - 17:45} 1-0

[Event "30/move"]
[Site "?"]
[Date "2006.03.31"]
[Round "12"]
[White "Mephisto Miami"]
[Black "Mephisto Modena"]
[Result "0-1"]
[WhiteElo "1966"]
[BlackElo "1983"]
[PlyCount "184"]
[EventDate "2006.03.31"]
[EventType "tourn (rapid)"]
[EventRounds "20"]
[EventCountry "NED"]
[SourceDate "2006.03.12"]

1. d4 Nf6 2. c4 e5 3. dxe5 Ng4 4. Nf3 Bc5 5. e3 Nc6 6. Be2 {
Miami letzter Buchzug} Ngxe5 7. Nc3 d6 8. O-O O-O 9. b3 ({RR} 9. Na4 Bb6 10. b3
Bd7 11. Bb2 Qe7 12. Nxe5 Nxe5 13. c5 Bxa4 14. cxb6 Bc6 15. bxc7 Qxc7 16. Qd4 f6
17. Rfd1 Rfd8 18. Rac1 Qf7 19. Qf4 Qg6 20. Qg3 Qxg3 21. hxg3 Kf7 22. f4 Ng6 23.
Ba3 d5 {Farago,I-Senoner,E/Graz 2001/EXT 2002/1-0 (84)}) ({RR} 9. a3 a5 10. Nb5
Qe7 11. Nbd4 Bd7 12. Bd2 Nxf3+ 13. Nxf3 Be6 14. Bc3 f6 15. Nd4 Nxd4 16. exd4
Bb6 17. Bd3 Qf7 18. d5 Bd7 19. Qc2 g6 20. Rfe1 {
1/2-1/2 Tafforeau,R-Kaulfuss,C/Plancoet 2003/CBM 95 ext}) 9... Bf5 {
Modena letzter Buchzug} 10. Nd4 $146 ({RR} 10. Bb2 Re8 11. Nd4 ({RR} 11. Na4
Bb6 12. Nxb6 axb6 13. Nd4 Bd7 14. Qd2 Qh4 15. a4 Re7 16. Rae1 Rae8 17. Bd1 f5
18. Nf3 Qh6 19. Nxe5 Nxe5 20. Bc2 Rf7 21. f3 Bc6 22. Qd4 Qe6 23. h3 Qd7 24. Kh2
Re6 25. f4 Ng6 {Foltys,J-Bakonyi,E/Budapest 1948/EXT 99/1-0 (47)}) 11... Bg6
12. f4 Nd7 13. Nxc6 bxc6 14. f5 Rxe3 15. Kh1 Bxf5 16. Rxf5 Re6 17. Rf1 Qh4 18.
Qe1 Qg5 19. Rf3 Rae8 20. Qf1 Nf6 21. Bc1 Qe5 22. Bf4 Qh5 23. Re3 Qf5 24. Bd3
Qh5 {Bos,I-Van Ginkel,J/Hengelo 1996/EXT 2001/1-0 (38)}) ({RR} 10. Nxe5 dxe5
11. Bb2 Qg5 12. Bf3 Rad8 13. Bd5 Nb4 14. Qf3 c6 15. Ne4 Bxe4 16. Bxe4 f5 17.
Bb1 e4 18. Qe2 Rd6 19. a3 Nd3 20. b4 Rg6 21. g3 Nxb2 22. Qxb2 Be7 23. Qe2 h5
24. Ba2 h4 {Rijsterborgh,R-Van Ginkel,J/Hengelo 1997/EXT 98/1-0 (43)}) 10...
Bg6 11. Nxc6 Nxc6 12. Bf3 Qd7 13. Na4 Bb4 14. a3 Ba5 15. b4 Ne5 16. bxa5 Bd3
17. Bxb7 Rab8 18. Ba6 Bxf1 19. Kxf1 Rfe8 20. Nb2 c6 21. Kg1 Qd8 22. Qa4 Qc7 23.
Ra2 f5 24. Bd2 Nd7 25. Bb4 f4 26. Nd1 fxe3 27. fxe3 Nf6 28. Re2 Ne4 29. Rb2 Re5
30. Qc2 Rbe8 31. Qd3 R8e6 32. Rb3 Kh8 33. Nb2 Kg8 34. Qc2 Re8 35. Nd3 Rf5 36.
Be1 Ref8 37. Qe2 Qf7 38. h3 Qg6 39. Rb7 R5f7 40. Nf4 Qf5 41. Qd3 g5 42. g4 Qe5
43. Rxf7 Rxf7 44. Nh5 Nc5 45. Qd4 Qxd4 46. exd4 Nxa6 47. Bg3 d5 48. cxd5 cxd5
49. Kg2 Kf8 50. Be5 Ke7 51. Ng7 Nc7 52. Nf5+ Ke6 53. Nh6 Rd7 54. Nf5 Ne8 55. a6
Nc7 56. Ng7+ Kf7 57. Nf5 Nxa6 58. Kf3 Nc7 59. Bd6 Ke6 60. Bf8 Ne8 61. Bh6 Kf6
62. Bf8 Rb7 63. Bb4 Ke6 64. Ke2 Nf6 65. Ng3 Rb5 66. Nf5 a5 67. Bd2 Rb2 68. Kd1
Rb3 69. Bxg5 Rxa3 70. Bd2 a4 71. Ne3 Rd3 72. Ke2 Rxd4 73. Bc3 Re4 74. Kd3 a3
75. Bxf6 Rxe3+ 76. Kxe3 Kxf6 77. Kd4 a2 78. Kxd5 a1=Q 79. Ke4 Kg5 80. Kf3 Qg1
81. Ke4 Qg3 82. Kd5 Qxh3 83. Kd6 Kxg4 84. Kd5 h5 85. Ke4 h4 86. Kd4 Qf3 87. Ke5
h3 88. Kd4 h2 89. Kc5 h1=Q 90. Kb4 Qc1 91. Kb5 Qb7+ 92. Ka4 Qa1# {45:27 - ??:??
} 0-1

[Event "30/move"]
[Site "?"]
[Date "2006.03.31"]
[Round "13"]
[White "Mephisto Modena"]
[Black "Mephisto Miami"]
[Result "1-0"]
[WhiteElo "1983"]
[BlackElo "1966"]
[PlyCount "99"]
[EventDate "2006.03.31"]
[EventType "tourn (rapid)"]
[EventRounds "20"]
[EventCountry "NED"]
[SourceDate "2006.03.12"]

1. c4 e5 2. Nc3 Nf6 3. g3 d5 4. cxd5 Nxd5 5. Bg2 {Modena letzter Buchzug} Nb6 {
Miami letzter Buchzug} 6. Nf3 Nc6 7. d3 Bb4 $146 ({RR} 7... Be7 8. a3 g5 ({RR} 
8... f5 9. Be3 O-O 10. b4 Bf6 11. Rc1 Nd4 12. O-O Be6 13. Bxd4 exd4 14. Na4
Nxa4 15. Qxa4 c6 16. b5 cxb5 17. Qxb5 Qe7 18. a4 Rad8 19. e3 dxe3 20. fxe3 Bd5
21. Rfe1 Bc6 22. Qc4+ Qf7 23. Nd4 {
Van Hoolandt,P-Van Mil,J/Caorle 1981/EXT 99/1/2-1/2 (52)}) 9. h3 f5 10. Be3 Bf6
11. Bxb6 axb6 12. Qb3 Na5 13. Qd5 Qe7 14. h4 c6 15. Qa2 Be6 16. Qb1 gxh4 17.
Nxh4 Nb3 18. Ra2 Nd4 19. e3 Bxa2 20. Qxa2 Bxh4 21. Rxh4 Ne6 22. Rh6 {
Pedersen,K-Bromann,T/Dianalund 2000/EXT 2001/0-1 (32)}) 8. a3 Be7 9. b4 O-O 10.
b5 Nd4 11. Nxe5 Bf6 12. f4 Re8 13. O-O a6 14. bxa6 Rxa6 15. e3 Bxe5 16. fxe5
Rxe5 17. Ne4 Nf5 18. d4 Re7 19. Nc5 Ra7 20. Nxb7 Qe8 21. Nc5 Nc4 22. Qb3 Ncxe3
23. Bxe3 Nxe3 24. Rf2 Nxg2 25. Kxg2 Re3 26. Qb4 Qc6+ 27. Kg1 Bb7 28. Nxb7 Rxb7
29. Qd2 Reb3 30. Raf1 f6 31. Qe2 Rxa3 32. Qg4 Kf8 33. Qc8+ Kf7 34. Re2 Rd3 35.
Rfe1 Rxd4 36. Re7+ Kg6 37. Qg8 Qd7 38. Qxg7+ Kh5 39. R1e5+ f5 40. Rxd7 Rb1+ 41.
Kf2 Rb2+ 42. Ke3 Re4+ 43. Rxe4 f4+ 44. gxf4 Rb3+ 45. Ke2 Rb2+ 46. Qxb2 h6 47.
Qe5+ Kh4 48. f5+ Kg5 49. f6+ Kg6 50. Rg7# {??:?? - 22:30} 1-0

[Event "30/move"]
[Site "?"]
[Date "2006.03.31"]
[Round "14"]
[White "Mephisto Miami"]
[Black "Mephisto Modena"]
[Result "1/2-1/2"]
[WhiteElo "1966"]
[BlackElo "1983"]
[PlyCount "59"]
[EventDate "2006.03.31"]
[EventType "tourn (rapid)"]
[EventRounds "20"]
[EventCountry "NED"]
[SourceDate "2006.03.12"]

1. e4 e5 2. Nf3 Nf6 3. d4 exd4 4. e5 Ne4 5. Qxd4 d5 6. exd6 Nxd6 7. Nc3 Nc6 8.
Qf4 {Miami letzter Buchzug} g6 9. Bd3 Bg7 10. O-O O-O {Modena letzter Buchzug}
11. Re1 $146 ({RR} 11. Be3 Qf6 ({RR} 11... h6 12. Rad1 {
1/2-1/2 Muhamedzjanov,N-Suetin,A/Nabereznye Chelny 1993/CBM 37}) ({RR} 11... b6
12. Rad1 Bb7 13. a3 Qe7 14. Nd5 Qd8 15. Ng5 Ne5 16. Be2 Bxd5 17. Rxd5 Qf6 18.
Qxf6 Bxf6 19. b3 Nf5 20. Bf4 c6 21. Rxe5 Bxe5 22. Bxe5 Rfe8 23. Nf3 Nd4 24.
Nxd4 Rxe5 25. Bf3 Rae8 26. Nxc6 {
Ambrose,A-Purry,C/Monmouth 2002/EXT 2004/1-0 (37)}) ({RR} 11... a6 12. Rad1 Be6
13. Bc5 Qf6 14. Bxd6 cxd6 15. Qxd6 Ne5 16. Nxe5 Qxe5 17. Qb6 Qd4 18. Qxb7 Rab8
19. Qxa6 Rxb2 20. Ne2 Qc5 21. a4 Bc8 22. Qc4 Qxc4 23. Bxc4 Rxc2 24. Rc1 Rd2 25.
Rfd1 Rfd8 26. Rxd2 {Vujacic,B-Schaufelberger,H/Groningen 1969/EXT 2000/1/2-1/2}
) 12. Nd5 ({RR} 12. Qg3 Ne5 13. Nxe5 Qxe5 14. Bf4 Qc5 15. Rfe1 Bf5 16. Rad1
Rfe8 17. Be3 Qa5 18. Qg5 Bxc3 19. bxc3 Qxc3 20. h4 Bxd3 21. cxd3 Re6 22. Rc1
Qxd3 23. Rxc7 Qf5 24. Rd1 Rae8 25. Qxf5 Nxf5 26. Rxb7 Nxe3 {
Theissen,H-Hacker,C/Muenster 1990/EXT 97/1/2-1/2 (44)}) 12... Qd8 13. Bc5 Re8
14. Nxc7 Qxc7 15. Bxd6 Qb6 16. Ng5 Be6 17. Rae1 Qxb2 18. Rxe6 fxe6 19. Bxg6 Qf6
20. Bxh7+ Kh8 21. Qg4 Bh6 22. h4 e5 23. Qh5 Kg7 24. Bd3 Rh8 25. Ne4 Qe6 {
Olafsson,F-Lopez Garcia,R/Berg en Dal  1960/EXT 2001/1-0}) 11... Bf5 12. Bxf5
Nxf5 13. Rd1 Qe7 14. Nd5 Qd6 15. Qc4 Qe6 16. Bf4 Bxb2 17. Rab1 Bg7 18. Bxc7 b6
19. Re1 Qd7 20. Rbd1 Kh8 21. Ne5 Nxe5 22. Bxe5 Bxe5 23. Rxe5 Rac8 24. Qe2 Rfd8
25. c3 Qc6 26. Rd3 Nh4 27. Qg4 Nf5 28. Qe2 Nh4 29. Qg4 Nf5 30. Qe2 {
Remis wg. 3-facher Zugwiederholung, 12:44 - ??:??} 1/2-1/2